00959 2200205 4500001002100000005001500021008004100036020001500077035001900092041000800111082001100119084001700130100003700147245003700184260003700221300003300258500002300291520041300314650002600727INLIS00000000000035220200508200910200508||||||||| | ||| |||| ||eng|| a076454232X 0010-0520000352 aeng0 a001.01 a001.01/SER/R0 aJon 'maddog' Hall ; Paul G. Sery00aRed Hat Linux Fedora for Dummies aIndianapolisbMc Graw Hillc2004 axviii,374p.b:illus.;c24cm. aIndeks : p.357-374 aRed Hat has merged its flagship Red Hat Linux product with the Fedore Project to create the Fedora Core distribution. This handy guide helps you work with Fedora. It walks you through installing and configuring the operating system, getting online, buliding a firewall, using Windows applications with Wine, tuning in to streaming multimedia with MPlayer, and even creating your town secure, private network. 0aTechnology - Computer